[Event "Cuenca Crespi Memorial"]
[Site "Cuenca"]
[Date "2024.04.26"]
[Round "6"]
[White "Abril Munoz, Ernesto Javier"]
[Black "Vargas Sotelo, Victor Salomon"]
[Result "1/2-1/2"]
[WhiteElo "1583"]
[BlackElo "1761"]
[PlyCount "38"]
[EventDate "2024.04.24"]
[EventType "swiss"]
[EventRounds "9"]
[EventCountry "ECU"]
[SourceTitle "EXT 2025"]
[Source "ChessBase"]
[SourceDate "2024.10.14"]
[SourceVersion "1"]
[SourceVersionDate "2024.10.14"]
[SourceQuality "1"]

1. e4 e5 2. Nf3 Nc6 3. d4 exd4 4. Nxd4 Bc5 5. Nb3 Bb6 6. Nc3 d6 7. Bf4 Nf6 8. Qd2 Ng4 9. Bg3 Be6 10. 0-0-0 Qf6 11. Nd5 Qg6 12. Re1 0-0 13. h4 f5 14. Nf4 Qh6 15. f3 Nge5 16. Nxe6 Qxe6 17. Qd5 Nd4 18. Nxd4 Qxd5 19. exd5 Bxd4 1/2-1/2

[Event "ECU-ch"]
[Site "Ibarra"]
[Date "2024.03.16"]
[Round "7"]
[White "Erazo Perez, Erick Andres"]
[Black "Abril Munoz, Ernesto Javier"]
[Result "0-1"]
[WhiteElo "1647"]
[BlackElo "1497"]
[PlyCount "98"]
[EventDate "2024.03.13"]
[EventType "swiss"]
[EventRounds "9"]
[EventCountry "ECU"]
[SourceTitle "EXT 2025"]
[Source "ChessBase"]
[SourceDate "2024.10.14"]
[SourceVersion "1"]
[SourceVersionDate "2024.10.14"]
[SourceQuality "1"]

1. e4 c5 2. Nf3 d6 3. d4 cxd4 4. Nxd4 Nf6 5. Nc3 g6 6. Bc4 Bg7 7. f3 h5 8. Be3 a6 9. Bb3 b5 10. Qd2 Nbd7 11. 0-0-0 Nc5 12. h4 Bd7 13. g4 hxg4 14. fxg4 Bxg4 15. Rdf1 b4 16. Nd5 Rc8 17. Nxf6+ Bxf6 18. Bd5 a5 19. Qg2 Nd3+ 20. Kb1 Ne5 21. Nc6 Nxc6 22. Qxg4 Ne5 23. Qg2 Qd7 24. Bd4 Rh5 25. Bxe5 Rxe5 26. Rhg1 e6 27. Rxf6 exd5 28. exd5 Rc5 29. Qf2 Rcxd5 30. b3 Rf5 31. Re1+ Rde5 32. Rxe5+ dxe5 33. Rxf5 Qxf5 34. Qc5 e4 35. Qc6+ Ke7 36. Qc7+ Ke6 37. Qc8+ Ke5 38. Qc7+ Kd4 39. Qb6+ Qc5 40. Qf6+ Ke3 41. Qxf7 Qf5 42. Qa7+ Kf3 43. Qg1 Kf4 44. Kc1 e3 45. Kd1 Qg4+ 46. Qxg4+ Kxg4 47. Ke2 Kf4 48. Ke1 Kf3 49. c4 bxc3 0-1

[Event "ECU-ch"]
[Site "Ibarra"]
[Date "2024.03.16"]
[Round "8"]
[White "Montano Velasco, Matias Khaleb"]
[Black "Abril Munoz, Ernesto Javier"]
[Result "1-0"]
[WhiteElo "1858"]
[BlackElo "1497"]
[PlyCount "88"]
[EventDate "2024.03.13"]
[EventType "swiss"]
[EventRounds "9"]
[EventCountry "ECU"]
[SourceTitle "EXT 2025"]
[Source "ChessBase"]
[SourceDate "2024.10.14"]
[SourceVersion "1"]
[SourceVersionDate "2024.10.14"]
[SourceQuality "1"]

1. c4 e5 2. Nc3 Nc6 3. g3 g6 4. Bg2 Bg7 5. e3 d6 6. Nge2 h5 7. h4 Bg4 8. Rb1 a5 9. a3 Be6 10. b3 Nge7 11. d4 exd4 12. exd4 d5 13. Bg5 Qd7 14. 0-0 0-0 15. Bxe7 Nxe7 16. c5 Bh3 17. Qd2 Bxg2 18. Kxg2 Nf5 19. b4 axb4 20. axb4 Rfe8 21. b5 Ra3 22. Rfd1 Bh6 23. Qb2 Rxc3 24. Nxc3 Nxh4+ 25. Kh2 Nf3+ 26. Kg2 Qg4 27. Rh1 Nxd4 28. Rbe1 Rd8 29. Nd1 Nf3 30. Re7 d4 31. Qe2 Kg7 32. Rxc7 Nh4+ 33. Kf1 Qxe2+ 34. Kxe2 d3+ 35. Kf1 Nf5 36. Rxb7 d2 37. Kg2 Rc8 38. c6 Nd4 39. g4 Bf4 40. gxh5 gxh5 41. Rxh5 Ne6 42. Rd7 Nd8 43. Ra7 Kf6 44. Kf3 Be5 1-0

[Event "ECU-ch"]
[Site "Ibarra"]
[Date "2024.03.15"]
[Round "6"]
[White "Abril Munoz, Ernesto Javier"]
[Black "Galarza Chalco, Sebastian Alexand"]
[Result "0-1"]
[WhiteElo "1497"]
[BlackElo "1698"]
[PlyCount "76"]
[EventDate "2024.03.13"]
[EventType "swiss"]
[EventRounds "9"]
[EventCountry "ECU"]
[SourceTitle "EXT 2025"]
[Source "ChessBase"]
[SourceDate "2024.10.14"]
[SourceVersion "1"]
[SourceVersionDate "2024.10.14"]
[SourceQuality "1"]

1. e4 c5 2. Nf3 Nc6 3. d4 cxd4 4. Nxd4 e5 5. Nb5 d6 6. c4 g6 7. N1c3 a6 8. Na3 Bg7 9. Be2 Nf6 10. Bg5 Be6 11. h4 h6 12. Bxf6 Bxf6 13. h5 g5 14. 0-0 0-0 15. Nc2 Rc8 16. Ne3 Nd4 17. Ned5 Kg7 18. b4 Qe8 19. a4 Bd8 20. g4 Qd7 21. f3 a5 22. b5 Rc5 23. Qd3 Bxd5 24. Nxd5 Rxd5 25. cxd5 Qe7 26. Rac1 Qf6 27. Rc4 Qf4 28. Kg2 Bb6 29. Rfc1 f5 30. exf5 Re8 31. Rc7+ Bxc7 32. Rxc7+ Kg8 33. Bd1 e4 34. fxe4 Rxe4 35. Rc4 Re3 36. Rc8+ Kf7 37. Rc7+ Ke8 38. Qf1 Rg3+ 0-1

[Event "ECU-ch"]
[Site "Ibarra"]
[Date "2024.03.14"]
[Round "3"]
[White "Abril Munoz, Ernesto Javier"]
[Black "Cando Tulcan, Roddick Luis"]
[Result "1-0"]
[WhiteElo "1497"]
[BlackElo "1403"]
[PlyCount "47"]
[EventDate "2024.03.13"]
[EventType "swiss"]
[EventRounds "9"]
[EventCountry "ECU"]
[SourceTitle "EXT 2025"]
[Source "ChessBase"]
[SourceDate "2024.10.14"]
[SourceVersion "1"]
[SourceVersionDate "2024.10.14"]
[SourceQuality "1"]

1. e4 c5 2. Nf3 Nc6 3. d4 cxd4 4. Nxd4 a6 5. Be3 g6 6. Nc3 Bg7 7. Nb3 e6 8. Qd6 Nge7 9. Be2 Be5 10. Qd2 0-0 11. f4 Bg7 12. Qd6 Re8 13. a4 Bf8 14. Qd2 d5 15. 0-0-0 dxe4 16. Qe1 Qc7 17. Nxe4 Bg7 18. h4 Nd5 19. Qf2 Nxe3 20. Qxe3 e5 21. h5 exf4 22. Nf6+ Bxf6 23. Qxe8+ Kg7 24. h6# 1-0